| 000 | 00657nam a2200205 a 4500 | ||
|---|---|---|---|
| 001 | 000025169 | ||
| 005 | 20200930023613.0 | ||
| 008 | 110208s1993 ck a r 000 | spa d | ||
| 020 | _a9589196071 | ||
| 040 |
_aDO-SdBNP _bspa _cBNPHU |
||
| 082 |
_axxx _bB838r |
||
| 100 | 1 |
_aBrenson Lazan , Gilbert _951634 |
|
| 245 | 1 | 3 |
_aEl reino de lo nuestro : _bnuevos planteamientos y ejercicios sobre una nueva y valiente manera de relacionarse : la intimidad / _cGilbert Brenson Lazan. |
| 260 |
_aBogotá : _bSolar LTDA, _c1993. |
||
| 300 |
_a166 p. : _bil. ; _c21 cm. |
||
| 490 | 1 | _aSolar | |
| 500 | _aIncluye apéndice | ||
| 830 | 0 |
_aSolar _919241 |
|
| 049 | _aBNGR | ||
| 999 |
_c24662 _d24662 |
||